000 00381nam a2200109Ia 4500
008 171204s9999 xx 000 0 und d
245 _aCrash Course On Operating System Blocks & Commonly Used Data Structures Overview:
245 _cApoorv Raghuvanshi
260 _c2016
650 _xADVANCED OPERATING SYSTEM AND NETWORKING
856 _uhttp://down.ebook777.com/051/B01N1QVK3H.pdf
999 _c347113
_d347113